Men at the gate (Record no. 434332)

000 -LEADER
fixed length control field 00290cam a22001097a 4500
008 - FIXED-LENGTH DATA ELEMENTS--GENERAL INFORMATION
fixed length control field 180718b1962 xxu||||| |||| 00| 0 eng d
082 ## - DEWEY DECIMAL CLASSIFICATION NUMBER
Classification number R112x45 Ot8
100 ## - MAIN ENTRY--PERSONAL NAME
Personal name Ottieri, Ottiero
245 ## - TITLE STATEMENT
Title Men at the gate
Statement of responsibility, etc. by Ottiero Ottieri
260 ## - PUBLICATION, DISTRIBUTION, ETC.
Place of publication, distribution, etc. London
Name of publisher, distributor, etc. Victor Gollancz
Date of publication, distribution, etc. 1962
300 ## - PHYSICAL DESCRIPTION
Extent 173p.
Holdings
Withdrawn status Lost status Damaged status Not for loan Permanent Location Current Location Date acquired Full call number Barcode Date last seen Price effective from Koha item type
        Indian Institute of Public Administration Indian Institute of Public Administration 2010-02-15 R112x45 Ot8 30726 2018-07-21 2018-07-21 Book

Powered by Koha